| 000 | 00684nam a2200217 i 4500 | ||
|---|---|---|---|
| 001 | 24325 | ||
| 003 | ES-MaACL | ||
| 005 | 20250731202251.0 | ||
| 007 | t| | ||
| 008 | 021217s1970 ag ||||1| spa d | ||
| 245 | 0 | 0 |
_aAnálisis de Michel Foucault / _cPierre Burgelin ... [et al.] ; [traducción, Berta Stolior]. |
| 260 |
_a[Buenos Aires] : _bTiempo Contemporáneo, _c[1970] |
||
| 300 |
_a272 p. ; _c20 cm. |
||
| 490 | 1 | _aSignos | |
| 600 | 0 | 4 |
_aFoucault, Michel, _d1926-1984- _xCrítica e interpretación _951922 |
| 700 | 1 |
_aBurgelin, Pierre. _932624 |
|
| 700 | 1 |
_aStolior, Berta. _9108285 |
|
| 830 | 1 |
_aSignos _9180410 |
|
| 852 |
_aES-MaACL _jE-8942 |
||
| 999 |
_c24325 _d24325 |
||